| 000 | 00467nam a2200193Ia 4500 | ||
|---|---|---|---|
| 008 | 240510s9999 xx 000 0 und d | ||
| 020 | _a0000262731037 | ||
| 041 | _aEng | ||
| 082 | _a005.131 | ||
| 082 | _bW35 | ||
| 100 | _aWINSKEL, G. | ||
| 245 | 4 | _aTHE FORMAL SEMANTICS OF PROGRAMMING LANGUAGES:AN INTRODUCTION | |
| 260 | _bLONDON : ENGLAND | ||
| 260 | _c2001 | ||
| 300 | _a361 p. | ||
| 650 | _aPROGRAMMING LANGUAGES : | ||
| 942 | _2ddc | ||
| 942 | _cRBK | ||
| 999 |
_c25159 _d25159 |
||
| 945 |
_a1 _bMadushi Gamage _c1 _dMadushi Gamage |
||